[Event "Mitropa Online Cup Women 2021"]
[Site "Hybrid"]
[Date "2021.05.04"]
[Round "9.5"]
[White "Olsarova, Karolina"]
[Black "Hakimifard, Ghazal"]
[Result "0-1"]
[WhiteElo "2290"]
[BlackElo "2265"]
[Annotator "NA"]
[PlyCount "72"]
[EventDate "2021.05.04"]
[EventType "team-tourn"]
[EventCountry "NET"]
[SourceTitle "playchess.com"]
[Source "ChessBase"]
[SourceQuality "1"]
[WhiteTeam "Czech Republic"]
[BlackTeam "Switzerland"]
[WhiteTeamCountry "CZE"]
[BlackTeamCountry "SUI"]
[TimeControl "40/5400+30:1800+30"]

1. e4 {[%emt 0:00:00]} c5 {[%emt 0:00:07]} 2. Nf3 {[%emt 0:00:06]} e6 {[%emt 0:00:07]} 3. d4 {[%emt 0:00:08]} cxd4 {[%emt 0:00:04]} 4. Nxd4 {[%emt 0:00:06]} a6 {[%emt 0:00:05]} 5. Nc3 {[%emt 0:00:13]} Qc7 {[%emt 0:00:05]} 6. Be2 {[%emt 0:00:24]} Nf6 {[%emt 0:00:14]} 7. O-O {[%emt 0:00:26]} Be7 {[%emt 0:01:22]} 8. f4 {[%emt 0:02:58]} d6 {[%emt 0:00:08]} 9. Be3 {[%emt 0:02:48]} Nbd7 {[%emt 0:00:50]} 10. Bf3 {[%emt 0:04:26]} O-O {[%emt 0:00:18]} 11. Qe1 {[%emt 0:00:55]} Re8 {[%emt 0:06:49]} 12. Kh1 {[%emt 0:06:11]} Bf8 {[%emt 0:03:12]} 13. Qh4 {[%emt 0:02:36]} Nc5 {[%emt 0:09:36]} 14. Rae1 {[%emt 0:04:07]} e5 {[%emt 0:01:39]} 15. Nf5 {[%emt 0:08:08]} Bxf5 {[%emt 0:02:53]} 16. exf5 {[%emt 0:02:56]} e4 {[%emt 0:00:05]} 17. Be2 {[%emt 0:03:12]} b5 {[%emt 0:01:42]} 18. g4 {[%emt 0:11:29]} Qc6 {[%emt 0:04:23]} 19. Rd1 {[%emt 0:08:22]} Na4 {[%emt 0:03:36]} 20. Nxa4 {[%emt 0:02:54]} bxa4 {[%emt 0:00:18]} 21. c4 {[%emt 0:00:09]} Rab8 {[%emt 0:01:28]} 22. g5 {[%emt 0:04:00]} Rxb2 {[%emt 0:09:55]} 23. gxf6 {[%emt 0:01:07]} Rxe2 {[%emt 0:00:05]} 24. Rg1 {[%emt 0:03:48]} d5 {[%emt 0:11:58]} 25. cxd5 {[%emt 0:12:02]} Qc3 {[%emt 0:00:15]} 26. Rxg7+ {[%emt 0:14:55]} Bxg7 {[%emt 0:00:06]} 27. Rg1 {[%emt 0:00:46]} Kh8 {[%emt 0:04:49]} 28. Qg4 {[%emt 0:02:04]} Qxf6 {[%emt 0:00:25]} 29. Qxe2 {[%emt 0:00:21]} Qxf5 {[%emt 0:00:15]} 30. Rd1 {[%emt 0:01:13]} Rd8 {[%emt 0:11:01]} 31. d6 {[%emt 0:00:19]} Qe6 {[%emt 0:01:08]} 32. Qxa6 {[%emt 0:01:03]} Qxa2 {[%emt 0:09:02]} 33. Qb6 {[%emt 0:00:22]} Rg8 {[%emt 0:00:05]} 34. d7 {[%emt 0:01:50]} Qe2 {[%emt 0:00:04]} 35. Rg1 {[%emt 0:00:23]} Qf3+ {[%emt 0:00:40]} 36. Rg2 {[%emt 0:00:03]} Be5 {[%emt 0:00:14]} 0-1

[Event "Mitropa Online Cup Women 2021"]
[Site "Hybrid"]
[Date "2021.05.04"]
[Round "9.5"]
[White "Mueller-Seps, Monika"]
[Black "Petrova, Kristyna"]
[Result "1/2-1/2"]
[WhiteElo "2243"]
[BlackElo "2303"]
[Annotator "NA"]
[PlyCount "60"]
[EventDate "2021.05.04"]
[EventType "team-tourn"]
[EventCountry "NET"]
[SourceTitle "playchess.com"]
[Source "ChessBase"]
[SourceQuality "1"]
[WhiteTeam "Switzerland"]
[BlackTeam "Czech Republic"]
[WhiteTeamCountry "SUI"]
[BlackTeamCountry "CZE"]
[TimeControl "40/5400+30:1800+30"]

1. d4 {[%emt 0:00:00]} Nf6 {[%emt 0:00:07]} 2. Bg5 {[%emt 0:00:06]} e6 {[%emt 0:00:11]} 3. Nf3 {[%emt 0:00:09]} h6 {[%emt 0:00:08]} 4. Bh4 {[%emt 0:00:12]} d6 {[%emt 0:00:06]} 5. e3 {[%emt 0:10:41]} g5 {[%emt 0:00:12]} 6. Bg3 {[%emt 0:00:05]} Nh5 {[%emt 0:00:12]} 7. Be2 {[%emt 0:11:50]} Bg7 {[%emt 0:04:56]} 8. c3 {[%emt 0:02:05]} Qe7 {[%emt 0:04:16]} 9. Nfd2 {[%emt 0:04:28]} Nxg3 {[%emt 0:00:09]} 10. hxg3 {[%emt 0:00:05]} Nd7 {[%emt 0:02:02]} 11. Na3 {[%emt 0:19:22]} a6 {[%emt 0:01:28]} 12. Nc2 {[%emt 0:04:12]} Nf6 {[%emt 0:22:34]} 13. e4 {[%emt 0:02:38]} Bd7 {[%emt 0:03:04]} 14. Ne3 {[%emt 0:02:40]} Bc6 {[%emt 0:01:43]} 15. Qc2 {[%emt 0:01:06]} h5 {[%emt 0:08:40]} 16. O-O-O {[%emt 0:11:44]} O-O-O {[%emt 0:04:13]} 17. Kb1 {[%emt 0:01:44]} Kb8 {[%emt 0:05:25]} 18. Nec4 {[%emt 0:14:43]} Nxe4 {[%emt 0:18:19]} 19. Nxe4 {[%emt 0:00:18]} Bxe4 {[%emt 0:00:06]} 20. Qxe4 {[%emt 0:00:03]} d5 {[%emt 0:00:06]} 21. Qc2 {[%emt 0:04:34]} dxc4 {[%emt 0:00:23]} 22. Bxc4 {[%emt 0:00:39]} h4 {[%emt 0:04:25]} 23. gxh4 {[%emt 0:02:01]} Rxh4 {[%emt 0:00:54]} 24. Rxh4 {[%emt 0:01:05]} gxh4 {[%emt 0:00:05]} 25. Be2 {[%emt 0:01:08]} e5 {[%emt 0:05:45]} 26. dxe5 {[%emt 0:00:23]} Rxd1+ {[%emt 0:00:19]} 27. Qxd1 {[%emt 0:00:23]} Qxe5 {[%emt 0:00:12]} 28. Bf3 {[%emt 0:00:15]} Ka7 {[%emt 0:04:48]} 29. a3 {[%emt 0:00:35]} Bf8 {[%emt 0:03:00]} 30. Qe2 {[%emt 0:03:21]} Bd6 {[%emt 0:03:35]} 1/2-1/2

[Event "Mitropa Online Cup Women 2021"]
[Site "Hybrid"]
[Date "2021.05.04"]
[Round "9.5"]
[White "Tamrazyan, Gohar"]
[Black "Kanakova, Natalie"]
[Result "0-1"]
[WhiteElo "1842"]
[BlackElo "2179"]
[Annotator "NA"]
[PlyCount "58"]
[EventDate "2021.05.04"]
[EventType "team-tourn"]
[EventCountry "NET"]
[SourceTitle "playchess.com"]
[Source "ChessBase"]
[SourceQuality "1"]
[WhiteTeam "Switzerland"]
[BlackTeam "Czech Republic"]
[WhiteTeamCountry "SUI"]
[BlackTeamCountry "CZE"]
[TimeControl "40/5400+30:1800+30"]

1. e4 {[%emt 0:00:00]} c5 {[%emt 0:00:07]} 2. Nc3 {[%emt 0:00:06]} e6 {[%emt 0:00:22]} 3. Nf3 {[%emt 0:00:36]} a6 {[%emt 0:00:28]} 4. d4 {[%emt 0:01:08]} cxd4 {[%emt 0:00:12]} 5. Nxd4 {[%emt 0:01:56]} Qc7 {[%emt 0:00:15]} 6. Bd3 {[%emt 0:05:39]} Nf6 {[%emt 0:01:05]} 7. O-O {[%emt 0:00:49]} Bc5 {[%emt 0:01:31]} 8. Nb3 {[%emt 0:07:29]} Be7 {[%emt 0:00:22]} 9. f4 {[%emt 0:01:53]} d6 {[%emt 0:00:28]} 10. Qf3 {[%emt 0:06:01]} Nbd7 {[%emt 0:09:13]} 11. g4 {[%emt 0:04:21]} Nc5 {[%emt 0:04:27]} 12. Nxc5 {[%emt 0:05:49]} dxc5 {[%emt 0:03:25]} 13. f5 {[%emt 0:08:09]} h6 {[%emt 0:16:59]} 14. Be3 {[%emt 0:22:49]} Bd6 {[%emt 0:05:42]} 15. h4 {[%emt 0:02:00]} h5 {[%emt 0:06:01]} 16. g5 {[%emt 0:00:19]} Ng4 {[%emt 0:00:32]} 17. Bf4 {[%emt 0:01:14]} c4 {[%emt 0:08:59]} 18. Be2 {[%emt 0:00:21]} exf5 {[%emt 0:07:38]} 19. exf5 {[%emt 0:03:12]} Bxf5 {[%emt 0:06:04]} 20. Nd5 {[%emt 0:05:00]} Qc5+ {[%emt 0:01:27]} 21. Be3 {[%emt 0:00:38]} Nxe3 {[%emt 0:03:45]} 22. Qxe3+ {[%emt 0:00:12]} Be6 {[%emt 0:03:44]} 23. Rad1 {[%emt 0:05:17]} O-O-O {[%emt 0:02:27]} 24. Nb6+ {[%emt 0:08:45]} Kb8 {[%emt 0:01:07]} 25. Qf2 {[%emt 0:03:10]} Qxf2+ {[%emt 0:01:10]} 26. Rxf2 {[%emt 0:00:05]} Bc5 {[%emt 0:00:08]} 27. Rxd8+ {[%emt 0:00:33]} Rxd8 {[%emt 0:00:08]} 28. Nxc4 {[%emt 0:00:13]} Bxc4 {[%emt 0:00:20]} 29. Bxc4 {[%emt 0:00:18]} Rd2 {[%emt 0:00:10]} 0-1